000 00925nam a2200277 i 4500
001 105544
003 ES-MaACL
005 20250826072024.0
007 t|
008 060724s1964 fr ||||1| fre d
080 _a331(44)(082.2)
080 _a94(65)"1954/62"(082.2)
080 _a32(100)"1945/..."(082.2)
100 1 _aNaville, Pierre.
_985234
245 1 3 _aLa classe ouvrière et le régime gaulliste /
_cPierre Naville.
260 _aParis :
_bEtudes et Documentation Internationales,
_c[1964]
300 _a489 p. ;
_c21 cm.
490 1 _aQuestion du socialisme ;
_v1
500 _aBiblioteca Juan Andrade.
650 1 4 _aTrabajo-
_zFrancia
_917596
650 _aPolítica mundial-
_y1945-1955.
_916302
651 0 0 _aArgelia-
_xHistoria-
_y1954-1962, Revolución.
_97803
830 0 _aQuestion du socialisme ;
_v1
_9232747
852 _aES-MaACL
_jAND-339
_bR.109644
999 _c105544
_d105544